Movies Quiz

Random Movies or Oscar Quiz

4-Word Best Picture Reviews Quiz Stats

 Plays Quiz Updated Jun 27, 2013

Challenge
Share
Tweet
Embed
Score 0/30 Timer 08:00
5 Plays Today
% Correct
Schindler's List
90%
Titanic
89.1%
Forrest Gump
89%
Slumdog Millionaire
88%
A Beautiful Mind
83.3%
Kramer vs. Kramer
82.4%
The King's Speech
82.2%
Dances with Wolves
81.1%
Chicago
79.8%
One Flew Over the Cuckoo's Nest
77.2%
Crash
77.1%
Gladiator
77%
Amadeus
75.7%
Million Dollar Baby
74%
Out of Africa
73.3%
% Correct
Gandhi
72.9%
Platoon
72.9%
The Silence of the Lambs
70.8%
Braveheart
69.8%
Rain Man
69.7%
Driving Miss Daisy
69.4%
American Beauty
68.5%
Annie Hall
67.9%
The Hurt Locker
66%
The Godfather
64.5%
The Departed
62.5%
The Godfather Part II
60.4%
No Country For Old Men
55%
The Deer Hunter
52.5%
Patton
51.3%

You're not logged in!

Compare scores with friends on all Sporcle quizzes.
OR
Log In

You Might Also Like...

Show Comments

Extras

Top Quizzes Today


Score Distribution

Your Account Isn't Verified!

In order to create a playlist on Sporcle, you need to verify the email address you used during registration. Go to your Sporcle Settings to finish the process.

Report this User

Report this user for behavior that violates our Community Guidelines.

Details: